[Event "Petroupoli-ch"]
[Site "Petropouli"]
[Date "2014.02.15"]
[Round "4"]
[White "Traiforou, Georgia"]
[Black "Theodosopoulou, Christina"]
[Result "1-0"]
[WhiteElo "1211"]
[BlackElo "1005"]
[PlyCount "61"]
[EventDate "2014.01.25"]
[EventType "swiss"]
[EventRounds "7"]
[EventCountry "GRE"]
[SourceTitle "EXT 2015"]
[Source "ChessBase"]
[SourceDate "2014.11.20"]
[SourceVersion "1"]
[SourceVersionDate "2014.11.20"]
[SourceQuality "1"]

1. d4 Nc6 2. Bf4 d6 3. e3 e5 4. Bg3 exd4 5. exd4 Be7 6. Nf3 Nf6 7. Bd3 0-0 8. c3 Bg4 9. Nbd2 Qd7 10. Qc2 Bxf3 11. Nxf3 Ng4 12. Bxh7+ Kh8 13. Bf5 Qd8 14. Bxg4 Bf6 15. 0-0-0 Re8 16. Nd2 Kg8 17. Rde1 Rxe1+ 18. Rxe1 Na5 19. Be2 Bg5 20. Kb1 Bxd2 21. Qxd2 Qd7 22. Bd3 Qa4 23. Bc2 Qb5 24. Re7 Nc4 25. Qc1 Kf8 26. Bh4 f6 27. Re4 f5 28. Re6 Kf7 29. Re7+ Kg6 30. Qg5+ Kh7 31. Qxg7# 1-0

[Event "Fyli op 5th"]
[Site "Fyli"]
[Date "2012.10.06"]
[Round "4"]
[White "Theodosopoulou, Christina"]
[Black "Tsoukarakis, Dimitrios"]
[Result "0-1"]
[WhiteElo "1000"]
[BlackElo "1015"]
[PlyCount "44"]
[EventDate "2012.09.15"]
[EventType "swiss"]
[EventRounds "7"]
[EventCountry "GRE"]
[SourceTitle "EXT 2014"]
[Source "ChessBase"]
[SourceDate "2013.11.20"]
[SourceVersion "1"]
[SourceVersionDate "2013.11.20"]
[SourceQuality "1"]

1. e4 d5 2. Nc3 dxe4 3. Nxe4 Bf5 4. Qe2 Bxe4 5. Qxe4 Nf6 6. Qxb7 Nbd7 7. Bb5 Rb8 8. Qc6 Rb6 9. Qc4 a6 10. Bxa6 Re6+ 11. Ne2 Re4 12. Qb5 e5 13. f3 Rb4 14. Qd3 Bc5 15. c3 e4 16. fxe4 Rxe4 17. Bb5 Qe7 18. Bc4 Ng4 19. Qd5 Nf2 20. Rf1 Ne5 21. d4 Nxc4 22. dxc5 Rxe2# 0-1